000 00859nas a2200289 4500
001 BR9604020
003 BR-BrBNA
005 20231205095328.0
007 ta
008 230509b bl.|||p| |||| 00| 00por d
040 _aBR-BrBNA
_bpor
_cBiblioteca Nacional de Agricultura
041 _a(Pt)
072 _aQ52
100 1 _aTosi, H.
100 1 _aRodrigues, L.R. de A.
100 1 _aJobim, C.C.
100 1 _aOliveira, M. dal S. de
100 1 _aSampaio, A.A.M.
100 1 _aRosa, B.
245 1 _aEnsilagem do capim-elefante cv. Mott sob diferentes tratamentos
650 _aSilagem
650 _aCapim Elefante
650 _aEnsilagem
773 0 _tRevista da Sociedade Brasileira de Zootecnia (Brazil)
_xISSN 0100-4859
_g(Nov-Dec 1995), v. 24(6) p. 909-916
_wBR9604020
909 _a202311
_bLúcia
_c55
_dLúcia Elande
942 _2AGRIS
_n0
_cANA
999 _c150077
_d150077